Statistics for US States With Largest Native American Population

Click here to take the quiz!

General Stats

  • This quiz has been taken 57 times
  • The average score is 8 of 10

Answer Stats

PopAnswer% Correct
296529Arizona
100%
362801California
98%
193222New Mexico
96%
170972Texas
89%
106906New York
86%
71817South Dakota
86%
103869Washington
84%
104871Alaska
80%
321867Oklahoma
80%
122110North Carolina
38%

Score Distribution

Percentile by Number Answered

Percent of People with Each Score

Your Score History

You have not taken this quiz